000 00919nam a2200241 i 4500
001 101964
003 ES-MaACL
005 20250814231807.0
007 t|
008 051028s1971 sp ||||1| spa d
100 1 _aMemmi , Albert.
_9184620
245 1 0 _aRetrato del colonizado, precedido por retrato del colonizador /
_cAlbert Memmi ; [prólogo de Jean-Paul Sartre ; traducción de Carlos Rodríguez Sanz].
260 _aMadrid :
_bCuadernos para el Diálogo,
_c1971.
300 _a224 p. ;
_c19 cm.
490 1 _aEdiciones de bolsillo. Ciencias sociales. Ensayo ;
_v157
650 7 _aColonialismo
_2embne
_911149
700 1 _aSartre, Jean-Paul,
_d1905-1980
_9103897
700 1 _aRodríguez Sanz, Carlos.
_998812
710 2 _aCuadernos para el Diálogo.
_93333
830 1 0 _aEdiciones de Bolsillo.
_pCiencias sociales
_v157
_9183539
852 _aES-MaACL
_jC-49690
999 _c101964
_d101964